INDIAN JOURNAL OF NEMATOLOGY (Record no. 7205)

MARC details
000 -LEADER
fixed length control field 00374nam a2200133Ia 4500
022 ## - INTERNATIONAL STANDARD SERIAL NUMBER
ISSN 0303-6960
245 #0 - TITLE STATEMENT
Title INDIAN JOURNAL OF NEMATOLOGY
260 ## - PUBLICATION, DISTRIBUTION, ETC. (IMPRINT)
Name of publisher Nematological Society of India, New Delhi
Place of publication India
310 ## - CURRENT PUBLICATION FREQUENCY
Current publication frequency SA
500 ## - GENERAL NOTE
General note Ending Volume & Year: 8, 1978
500 ## - GENERAL NOTE
General note Starting Volume & Year: 3, 1973
942 ## - ADDED ENTRY ELEMENTS (KOHA)
Koha item type Bound Journal
Holdings
Withdrawn status Lost status Damaged status Not for loan Home library Current library Date acquired Accession Number Koha item type
      Bound journals RRII Library RRII Library 31/12/2021 07168J Bound Journal